CZ ACM Student Research Competition 2008 : 6th Student Research Competition in Informatics and Information Technologies, Prague, November 27, 2008, Proceedings of Finalists Papers

Gespeichert in:
Bibliographische Detailangaben
Weitere Verfasser: Mannová, Božena (Herausgegeben von), Šaloun, Petr (Herausgegeben von), Bieliková, Mária, 1966- (Herausgegeben von)
Format: Buch
Veröffentlicht: Praha : ČVUT, 2008
Tags: Tag hinzufügen
Keine Tags, Fügen Sie das erste Tag hinzu!

MARC

LEADER 00000nam a22000003a 4500
001 stu177383
005 20221207100024.9
008 081217s2008----xr----------------------d
020 |a 978-80-01-04205-2 
040 |a STU  |b slo 
041 0
044 |a xr 
100 1 |a Mannová, Božena  |4 edt 
245 1 |a CZ ACM Student Research Competition 2008 :  |b 6th Student Research Competition in Informatics and Information Technologies, Prague, November 27, 2008, Proceedings of Finalists Papers 
260 |a Praha :  |b ČVUT,  |c 2008 
300 |a 72 s 
700 1 |a Šaloun, Petr  |4 edt 
700 1 |a Bieliková, Mária,  |d 1966-  |4 edt  |u I200  |U FIIT Fakulta informatiky a informačných technológií  |T FIIT Ústav informatiky a softvérového inžinierstva  |X 1871  |U I200  |Y 179  |7 A000001871 
996 |c I*Z7668  |l I  |s A  |a 24  |w stu177383_0002